000 00637nam a2200241 a 4500
001 0001-1055
003 ELIB.Books
008 141201 2010 eng
020 _a0858924838
035 _a(ELIB.Books)0001-1210
092 _a230
_bGol
100 _aGoldsworthy, Graeme
245 _aAccording to Plan:
_bThe Unfolding Revelation of God in the Bible
260 _aLeicester
_bInter-Varsity Press
_c1991
300 _a320
_c19.7 Cm
500 _aLibrary
650 _aTheology
856 _nKBTS; Library
_uKBTS; Elib.
942 _2ddc
_cBK
990 _a1
998 _cbat
_e2014-12-01
999 _c11055
_d11055